[Event "Weekend A"]
[Site "Bari ITA"]
[Date "2004.01.17"]
[Round "1"]
[White "Campanile, Antonio"]
[Black "Crudele, Michele"]
[Result "1-0"]
[WhiteElo "2096"]
[BlackElo "1827"]
[PlyCount "89"]
[EventDate "2004.01.17"]

1. c4 c6 2. e4 e6 3. Nc3 Bb4 4. Qb3 Na6 5. d4 Qh4 6. Bd3 e5 7. a3 Ba5 8. Be3
Bb6 9. Nf3 Qg4 10. Nxe5 Qxg2 11. O-O-O Bc7 12. Rdg1 Qh3 13. Rxg7 Nc5 14. Qd1
Bxe5 15. dxe5 Nxd3+ 16. Qxd3 Ne7 17. Rg3 Qe6 18. f4 b6 19. Rd1 Ba6 20. f5 Bxc4
21. fxe6 Bxd3 22. exd7+ Kxd7 23. Rxd3+ Ke6 24. Rf3 Ng6 25. Rd6+ Ke7 26. Bg5+
Ke8 27. Rfd3 Ne7 28. e6 Rg8 29. h4 Rg6 30. Bxe7 Kxe7 31. Rxc6 fxe6 32. e5 Rg1+
33. Kc2 Re1 34. Rc7+ Kf8 35. Rxh7 Kg8 36. Rh5 Rf8 37. Rg3+ Kf7 38. Nb5 Ke8 39.
Nd6+ Kd7 40. Rc3 Rxe5 41. Rxe5 Kxd6 42. Rg5 Rf2+ 43. Kb3 Rh2 44. h5 e5 45. Re3
1-0

[Event "Weekend A"]
[Site "Bari ITA"]
[Date "2004.01.17"]
[Round "1"]
[White "Campanile, Roberto"]
[Black "Gissi, Gilberto"]
[Result "1-0"]
[WhiteElo "2183"]
[BlackElo "1837"]
[PlyCount "101"]
[EventDate "2004.01.17"]

1. d4 f5 2. b3 Nf6 3. Bb2 e6 4. e3 d5 5. Nf3 Bd6 6. Bd3 c6 7. Nbd2 O-O 8. c4
Bd7 9. Qc2 Na6 10. a3 Rc8 11. c5 Bb8 12. Ne5 Ne4 13. Ndf3 Be8 14. O-O-O Bxe5
15. Nxe5 Nb8 16. f3 Nf6 17. h3 Nbd7 18. g4 g6 19. Rdg1 Kh8 20. h4 fxg4 21. fxg4
Qe7 22. h5 Nxe5 23. dxe5 Ne4 24. Bxe4 dxe4 25. Bd4 b6 26. b4 b5 27. Qxe4 g5 28.
Rf1 Rc7 29. Rf6 Bf7 30. Rhf1 Kg7 31. Bc3 Qd7 32. Rd1 Qc8 33. Rd6 Bg8 34. h6+
Kh8 35. Qf3 Re8 36. Bd2 a5 37. e4 axb4 38. Bxg5 Qa8 39. Rf8 Qxa3+ 40. Qxa3 Rxf8
41. Qa5 Rcf7 42. Bf6+ Rxf6 43. exf6 Rxf6 44. Qa7 Rxh6 45. e5 Rh1+ 46. Rd1 Rh6
47. Qe7 Rg6 48. g5 Rg7 49. Qf6 Bf7 50. Rd8+ Bg8 51. Rd7 1-0

[Event "Weekend A"]
[Site "Bari ITA"]
[Date "2004.01.17"]
[Round "1"]
[White "Granaldi, Alessandro"]
[Black "Pizzuto, Samuele Tullio"]
[Result "0-1"]
[WhiteElo "1867"]
[BlackElo "2139"]
[PlyCount "112"]
[EventDate "2004.01.17"]

1. d4 d5 2. c4 Nc6 3. Nf3 Bg4 4. Qa4 Bxf3 5. exf3 e6 6. Nc3 Nge7 7. cxd5 Nxd5
8. Bb5 Qd7 9. Nxd5 Qxd5 10. Bf4 Bd6 11. Bxd6 cxd6 12. Rc1 Rc8 13. O-O a6 14.
Bxc6+ Rxc6 15. Rc3 O-O 16. Rxc6 Qxc6 17. Qxc6 bxc6 18. Rc1 Rc8 19. b4 Kf8 20.
Kf1 Ke7 21. Ke2 Kd7 22. Kd3 h5 23. h4 Rb8 24. a3 Rb5 25. f4 a5 26. bxa5 Rxa5
27. Rc3 Kc7 28. Rb3 Ra4 29. g3 c5 30. dxc5 dxc5 31. Kc2 Kc6 32. Kb2 Re4 33. Re3
Rd4 34. Kc2 c4 35. Kc3 Kc5 36. Re5+ Rd5 37. Re3 Kb5 38. Re5 Kc5 39. Re3 f6 40.
Rf3 Rd1 41. Re3 Rd6 42. a4 Ra6 43. a5 Rxa5 44. Rxe6 Ra3+ 45. Kb2 Rf3 46. Re2
Kd4 47. Rd2+ Rd3 48. Rc2 Kc5 49. Re2 Kb4 50. Re7 Rd2+ 51. Kc1 Rxf2 52. Rxg7 Kc3
53. Kd1 Rd2+ 54. Ke1 Rg2 55. Rg6 Kd3 56. Rxf6 56... Rxg3 {...} 0-1

[Event "Weekend A"]
[Site "Bari ITA"]
[Date "2004.01.17"]
[Round "1"]
[White "Palma, Antonio"]
[Black "Guccione, Daniele"]
[Result "1-0"]
[WhiteElo "1918"]
[BlackElo "1729"]
[PlyCount "107"]
[EventDate "2004.01.17"]

1. d4 Nf6 2. c4 g6 3. Nc3 Bg7 4. e4 d6 5. f3 O-O 6. Be3 e5 7. d5 Nh5 8. Qd2 f5
9. O-O-O f4 10. Bf2 Bf6 11. Nge2 Be7 12. Kb1 Nd7 13. Nc1 a5 14. Bd3 b6 15. Bc2
Nc5 16. b3 Bd7 17. a3 Qb8 18. Nb5 Ng7 19. Kb2 Na6 20. Ne2 Nh5 21. b4 Qb7 22.
Bb3 Rfb8 23. g4 Ng7 24. h4 h6 25. Rc1 Kh7 26. Be1 Bxb5 27. cxb5 Nc5 28. bxc5
bxc5 29. a4 Rf8 30. Nc3 Rfb8 31. Nb1 Ra6 32. Qd3 Ra7 33. Na3 Rba8 34. Nc4 Ne8
35. Bc3 Bf8 36. Qd2 Ng7 37. Ra1 Ne8 38. Nxa5 Rxa5 39. Bxa5 Nf6 40. Bc4 Nd7 41.
Ra3 Nb6 42. Bxb6 cxb6 43. a5 Be7 44. h5 g5 45. Rha1 Bd8 46. axb6 Rxa3 47. Rxa3
Bxb6 48. Ra6 Kg7 49. Qc3 Kf7 50. Qa3 Kf6 51. Ra8 Ba7 52. Rxa7 Qxa7 53. Qa6 Qb7
54. Qxd6+ 1-0

[Event "Weekend A"]
[Site "Bari ITA"]
[Date "2004.01.17"]
[Round "1"]
[White "Pascali, Frederic"]
[Black "Di Lascio, Savino"]
[Result "1/2-1/2"]
[WhiteElo "1734"]
[BlackElo "2055"]
[PlyCount "35"]
[EventDate "2004.01.17"]

1. Nf3 Nf6 2. e3 g6 3. d4 Bg7 4. c4 O-O 5. Nc3 d5 6. Be2 b6 7. O-O Bb7 8. b3
Nbd7 9. Ba3 c5 10. Rc1 Rc8 11. dxc5 bxc5 12. cxd5 Qa5 13. Bb2 Nb6 14. Qc2 Nbxd5
15. Nxd5 Bxd5 16. Bc3 Qb6 17. Qb2 a5 18. Ne5 1/2-1/2

[Event "Weekend A"]
[Site "Bari ITA"]
[Date "2004.01.17"]
[Round "1"]
[White "Tommaselli, Giacomo"]
[Black "Laghetti, Gaetano"]
[Result "1-0"]
[WhiteElo "2018"]
[BlackElo "1723"]
[PlyCount "85"]
[EventDate "2004.01.17"]

1. d4 Nf6 2. Nf3 g6 3. Bg5 Bg7 4. Nbd2 d5 5. e3 O-O 6. Bd3 Nbd7 7. h3 c5 8. c3
c4 9. Bc2 h6 10. Bh4 Nh5 11. g4 Nhf6 12. Qe2 b5 13. O-O Bb7 14. Nh2 e5 15. dxe5
Nxe5 16. Nhf3 Nxf3+ 17. Nxf3 Qe8 18. Bg3 Ne4 19. Bh2 Qe7 20. Nd4 a6 21. Rad1
Rfe8 22. Qf3 Ng5 23. Qg2 Rad8 24. Rfe1 Ne4 25. Re2 Be5 26. Bxe5 Qxe5 27. f3 Nc5
28. f4 Qc7 29. g5 h5 30. Rf1 Ne4 31. Rf3 Bc8 32. Qf1 Rd6 33. Qe1 f5 34. gxf6
Rxf6 35. Qh4 Qe7 36. Rg2 Kh7 37. f5 gxf5 38. Qxh5+ Rh6 39. Rxf5 Bxf5 40. Qxf5+
Kh8 41. Qxd5 Rxh3 42. Nf5 Qh7 43. Qd4+ 1-0

[Event "Weekend A"]
[Site "Bari ITA"]
[Date "2004.01.18"]
[Round "2"]
[White "Campanile, Antonio"]
[Black "Campanile, Roberto"]
[Result "1/2-1/2"]
[WhiteElo "2096"]
[BlackElo "2183"]
[PlyCount "24"]
[EventDate "2004.01.17"]

1. c4 g6 2. g3 Bg7 3. Bg2 c5 4. e3 Nc6 5. Ne2 Nf6 6. Nbc3 O-O 7. O-O d6 8. h3
Bd7 9. d3 Rb8 10. Bd2 a6 11. Nd5 b5 12. b3 e6 1/2-1/2

[Event "Weekend A"]
[Site "Bari ITA"]
[Date "2004.01.18"]
[Round "2"]
[White "Caputi, Nicola"]
[Black "Pascali, Frederic"]
[Result "1-0"]
[WhiteElo "1988"]
[BlackElo "1734"]
[PlyCount "111"]
[EventDate "2004.01.17"]

1. c4 e5 2. Nc3 Nc6 3. g3 Nf6 4. Bg2 Bc5 5. a3 a5 6. d3 h6 7. Nf3 O-O 8. O-O d6
9. Ne1 Bd7 10. Nc2 Qc8 11. Rb1 Bh3 12. b4 Bxg2 13. Kxg2 axb4 14. axb4 Ba7 15.
Be3 Bxe3 16. Nxe3 Ne7 17. Qb3 b6 18. Rfc1 Qb7+ 19. f3 Nc6 20. Nb5 Na7 21. Rb2
Nxb5 22. cxb5 Rfc8 23. Rbc2 Ra7 24. Rc6 g6 25. Qc4 Raa8 26. Ng4 Nxg4 27. Qxg4
Qa7 28. h4 Qa2 29. R1c2 Qd5 30. h5 g5 31. Qc4 Qxc4 32. R2xc4 d5 33. Rc2 Ra4 34.
Rxb6 Rxb4 35. Rb7 d4 36. Rc6 Rb3 37. b6 Rc3 38. Rcxc7 R3xc7 39. Rxc7 Rb8 40. b7
Kg7 41. Kf2 Kf6 42. g4 Ke6 43. Ke1 f6 44. Kd2 Kd6 45. Rf7 Ke6 46. Rh7 Kd6 47.
Rxh6 Rxb7 48. Rxf6+ Ke7 49. Rf5 Rb2+ 50. Ke1 Rb1+ 51. Kf2 Ke6 52. Rxg5 Rh1 53.
Rg6+ Kf7 54. Rh6 Rh2+ 55. Ke1 Rh1+ 56. Kd2 1-0

[Event "Weekend A"]
[Site "Bari ITA"]
[Date "2004.01.18"]
[Round "2"]
[White "Di Lascio, Savino"]
[Black "Palma, Antonio"]
[Result "1-0"]
[WhiteElo "2055"]
[BlackElo "1918"]
[PlyCount "97"]
[EventDate "2004.01.17"]

1. Nf3 c5 2. g3 Nc6 3. Bg2 g6 4. O-O Bg7 5. d3 e6 6. c3 Nge7 7. e4 O-O 8. Qe2
d5 9. e5 Qc7 10. Re1 b6 11. h4 Ba6 12. Bf4 Rad8 13. h5 d4 14. c4 b5 15. cxb5
Bxb5 16. Na3 a6 17. Rac1 Nb4 18. Nxb5 axb5 19. a3 Nbd5 20. Bg5 h6 21. Bxe7 Qxe7
22. hxg6 fxg6 23. Nh4 Nf4 24. Qe4 Kh7 25. Nf3 Nxg2 26. Kxg2 Rd5 27. Nh4 Qf7 28.
f4 Rc8 29. Rh1 c4 30. g4 Rf8 31. Rcf1 cxd3 32. Qxd3 Rc5 33. Kg3 Rc4 34. g5 h5
35. Nxg6 Qf5 36. Nxf8+ Bxf8 37. Qxf5+ exf5 38. Rc1 Kg6 39. Rxc4 bxc4 40. Rc1 c3
41. b4 Kf7 42. Kf3 Ke6 43. Ke2 Kd5 44. Kd3 h4 45. g6 h3 46. Rh1 c2 47. Kxc2 Ke4
48. e6 d3+ 49. Kd1 1-0

[Event "Weekend A"]
[Site "Bari ITA"]
[Date "2004.01.18"]
[Round "2"]
[White "Gissi, Gilberto"]
[Black "Beqiraj, Ismail"]
[Result "0-1"]
[WhiteElo "1837"]
[BlackElo "1600"]
[PlyCount "138"]
[EventDate "2004.01.17"]

1. f4 d5 2. Nf3 Nf6 3. e3 c5 4. b3 Nc6 5. Bb5 Bd7 6. Bb2 e6 7. O-O Be7 8. d3 a6
9. Bxc6 Bxc6 10. Ne5 O-O 11. Nxc6 bxc6 12. Nd2 a5 13. a4 Ne8 14. Nf3 Bf6 15.
Bxf6 Nxf6 16. Ne5 Qd6 17. Rf3 Nd7 18. Nxd7 Qxd7 19. Rh3 f6 20. Qg4 f5 21. Qh4
g6 22. Qe1 Qg7 23. Rd1 e5 24. Qc3 exf4 25. Qxc5 Qd7 26. exf4 Rae8 27. Re3 Rxe3
28. Qxe3 Re8 29. Qf2 Qd6 30. g3 Qb4 31. Kf1 Qc3 32. Qd2 Qc5 33. d4 Qb6 34. Re1
Re4 35. Rxe4 fxe4 36. Qc3 Kf7 37. Qc5 Qa6+ 38. Kf2 Ke6 39. Qf8 e3+ 40. Kxe3 Qf1
41. Qe8+ Kd6 42. Qd8+ Ke6 43. Qxa5 Qc1+ 44. Kd3 Qf1+ 45. Kd2 Qf2+ 46. Kc1 Qxd4
47. Qe1+ Kd7 48. Kb1 c5 49. Qe5 Qd2 50. f5 gxf5 51. Qxf5+ Kc6 52. Qxh7 c4 53.
Ka2 c3 54. b4 Kd6 55. Qg6+ Ke5 56. Qg7+ Ke4 57. Kb3 d4 58. Qg4+ Ke3 59. Kc4 d3
60. Qd4+ Ke2 61. Qe4+ Qe3 62. Qg2+ Kd1 63. Kb3 d2 64. Qf1+ Qe1 65. Qf3+ Kc1 66.
Qf4 Kb1 67. Kxc3 d1=Q+ 68. Kc4 Qc1 69. Kc5 Qxc2+ 0-1

[Event "Weekend A"]
[Site "Bari ITA"]
[Date "2004.01.18"]
[Round "2"]
[White "Guccione, Daniele"]
[Black "Granaldi, Alessandro"]
[Result "0-1"]
[WhiteElo "1729"]
[BlackElo "1867"]
[PlyCount "104"]
[EventDate "2004.01.17"]

1. c4 Nf6 2. Nc3 g6 3. e4 d6 4. d4 Bg7 5. Nf3 O-O 6. Be2 e5 7. d5 Na6 8. O-O
Nc5 9. Qc2 a5 10. Ne1 Ne8 11. Nd3 Nxd3 12. Bxd3 f5 13. f4 Qf6 14. Be3 exf4 15.
Bxf4 Qd4+ 16. Kh1 fxe4 17. Nxe4 Qxb2 18. Qxb2 Bxb2 19. Rab1 Bg7 20. c5 dxc5 21.
d6 cxd6 22. Bc4+ Kh8 23. Bg5 Rxf1+ 24. Rxf1 Bf5 25. Bd5 Nc7 26. Bxb7 Rb8 27.
Nxd6 Ne6 28. Bh4 Bf8 29. Nxf5 Rxb7 30. Ne3 Bg7 31. h3 h6 32. Bf6 Nd4 33. Nc4
Nf5 34. Bxg7+ Kxg7 35. Kh2 a4 36. Rc1 Kf6 37. g4 Nd4 38. Kg2 Ke6 39. Na5 Rb2+
40. Kf1 Kd5 41. a3 Nb3 42. Rd1+ Rd2 43. Rxd2+ Nxd2+ 44. Ke2 Nc4 45. Nb7 Nxa3
46. Kd3 Nb5 47. Na5 a3 48. Kc2 c4 49. h4 Kc5 50. h5 gxh5 51. gxh5 Nd6 52. Kc3
Kb5 0-1

[Event "Weekend A"]
[Site "Bari ITA"]
[Date "2004.01.18"]
[Round "2"]
[White "Laghetti, Gaetano"]
[Black "Crudele, Michele"]
[Result "0-1"]
[WhiteElo "1723"]
[BlackElo "1827"]
[PlyCount "118"]
[EventDate "2004.01.17"]

1. d4 d6 2. c4 Bf5 3. Nc3 Nf6 4. g3 Nbd7 5. Bg2 c6 6. e4 Bg6 7. Nge2 e5 8. d5
Be7 9. O-O h5 10. h3 Qc7 11. Be3 Nh7 12. b4 h4 13. g4 f6 14. f4 Bf7 15. f5 g5
16. Qb3 O-O 17. a4 a5 18. b5 cxd5 19. cxd5 Nc5 20. Qb1 b6 21. Rc1 Rfc8 22. Ra2
Nf8 23. Nd1 Nfd7 24. Nb2 Qb7 25. Nc4 Rc7 26. Rac2 Rac8 27. Nb2 Kf8 28. Rc3 Bd8
29. Qa2 Ke7 30. Qa3 Be8 31. R1c2 Kf7 32. Rc4 Be7 33. R2c3 Qb8 34. Qa2 Kf8 35.
Qa3 Kf7 36. Rc1 Nb7 37. Qb3 Kg7 38. Kf2 Bf7 39. Qd3 Bf8 40. Qb3 Nbc5 41. Qa3
Rb7 42. Qc3 Qc7 43. Qa3 Qd8 44. R1c3 Rbc7 45. Rc1 Qe7 46. R1c3 Be8 47. Rc1 Qd8
48. R1c3 Nd3+ 49. Rxd3 Rxc4 50. Nxc4 Rxc4 51. Rc3 Rb4 52. Rb3 Nc5 53. Rxb4 axb4
54. Qa1 Qa8 55. Bxc5 dxc5 56. Qd1 Bd6 57. Ke3 c4 58. Kd2 Qc8 59. Qc2 59... Qc5
{...} 0-1

[Event "Weekend A"]
[Site "Bari ITA"]
[Date "2004.01.18"]
[Round "2"]
[White "Pizzuto, Samuele Tullio"]
[Black "Tommaselli, Giacomo"]
[Result "0-1"]
[WhiteElo "2139"]
[BlackElo "2018"]
[PlyCount "107"]
[EventDate "2004.01.17"]

1. e4 d5 2. exd5 Qxd5 3. Nc3 Qa5 4. Nf3 c6 5. Be2 Nf6 6. O-O Bg4 7. h3 Bxf3 8.
Bxf3 e6 9. a3 Bd6 10. b4 Bxb4 11. Ne4 Be7 12. Rb1 Qc7 13. Bb2 Nbd7 14. d3 O-O
15. Re1 Nxe4 16. dxe4 Bf6 17. Bxf6 Nxf6 18. e5 Rfd8 19. Qe2 Nd5 20. Rb3 b5 21.
h4 Nb6 22. Be4 g6 23. Bd3 Rd4 24. h5 Rh4 25. hxg6 hxg6 26. Qf3 Nd5 27. g3 Rh5
28. Qe4 Kg7 29. Bf1 a5 30. c4 bxc4 31. Bxc4 Rb8 32. Rxb8 Qxb8 33. Qd4 Qb6 34.
Qxb6 Nxb6 35. Bf1 f6 36. exf6+ Kxf6 37. Rb1 Nd5 38. Rc1 Ne7 39. Be2 Re5 40. Bd3
c5 41. Kg2 Nf5 42. g4 Nd4 43. f4 Re3 44. Rd1 g5 45. fxg5+ Kxg5 46. Kf2 Rf3+ 47.
Kg2 Kxg4 48. a4 Nf5 49. Bxf5+ exf5 50. Rc1 Ra3 51. Rxc5 Ra2+ 52. Kf1 Rxa4 53.
Ke2 Ra3 54. Rc8 {...} 0-1

[Event "Weekend A"]
[Site "Bari ITA"]
[Date "2004.01.18"]
[Round "2"]
[White "Vespe, Francesco"]
[Black "Pulimeno, Roberto"]
[Result "1/2-1/2"]
[WhiteElo "1867"]
[BlackElo "1750"]
[PlyCount "38"]
[EventDate "2004.01.17"]

1. d4 Nf6 2. c4 g6 3. Nc3 Bg7 4. e4 d6 5. Be2 O-O 6. h4 h5 7. Bg5 Nc6 8. Qd2 a6
9. d5 Ne5 10. Nf3 Nxf3+ 11. Bxf3 Bd7 12. b4 Kh7 13. Rb1 b6 14. O-O Ng4 15. Bxg4
Bxg4 16. f3 Bd7 17. Rfc1 a5 18. Nb5 axb4 19. Qxb4 f6 1/2-1/2

[Event "Weekend A"]
[Site "Bari ITA"]
[Date "2004.01.18"]
[Round "3"]
[White "Beqiraj, Ismail"]
[Black "Di Lascio, Savino"]
[Result "0-1"]
[WhiteElo "1600"]
[BlackElo "2055"]
[PlyCount "104"]
[EventDate "2004.01.17"]

1. d4 Nf6 2. e3 b6 3. Nf3 Bb7 4. Bd3 g6 5. Nbd2 Bg7 6. O-O d5 7. Re1 O-O 8. c3
Nbd7 9. e4 dxe4 10. Nxe4 c5 11. dxc5 bxc5 12. Qe2 Qc7 13. Bg5 c4 14. Bc2 Rab8
15. Rab1 Rfd8 16. Nfd2 Ne5 17. Bf4 Nh5 18. Bxe5 Bxe5 19. Ng3 Nf4 20. Qxe5 Qxe5
21. Rxe5 Rxd2 22. Be4 Bxe4 23. Rxe4 e5 24. b3 cxb3 25. axb3 f6 26. h4 Rd3 27.
Re3 Rxe3 28. fxe3 Nd5 29. Ne2 Nxe3 30. b4 Kf7 31. Ra1 Rb7 32. Kf2 Nc4 33. Ra6
Rc7 34. g4 Ke7 35. Kf3 Nd6 36. Ke3 f5 37. h5 f4+ 38. Kf3 g5 39. Kf2 Ne4+ 40.
Kf3 Nf6 41. Ra1 e4+ 42. Kf2 Nxg4+ 43. Ke1 h6 44. Kd2 e3+ 45. Kd3 f3 46. Ng3 e2
47. Nf5+ Kf6 48. Kd2 Rd7+ 49. Nd4 Ne5 50. Ra6+ Kg7 51. Ke1 Nd3+ 52. Kd2 e1=Q+
0-1

[Event "Weekend A"]
[Site "Bari ITA"]
[Date "2004.01.18"]
[Round "3"]
[White "Campanile, Roberto"]
[Black "Caputi, Nicola"]
[Result "1-0"]
[WhiteElo "2183"]
[BlackElo "1988"]
[PlyCount "91"]
[EventDate "2004.01.17"]

1. d4 Nf6 2. c4 e6 3. Nc3 Bb4 4. Qc2 O-O 5. Nf3 c5 6. dxc5 Bxc5 7. Bg5 h6 8.
Bh4 Be7 9. e3 d6 10. Be2 a6 11. O-O Nbd7 12. Rfd1 Qc7 13. Rac1 b6 14. b4 Bb7
15. h3 Rac8 16. Bg3 Rfe8 17. a3 Bf8 18. Nd2 Qb8 19. Bf1 e5 20. e4 Nh5 21. Bh2
g6 22. g3 Ndf6 23. f3 Ng7 24. Qd3 Ne6 25. Nb3 Nh5 26. Nd5 Red8 27. Qe3 Bxd5 28.
cxd5 Nc7 29. Rc6 b5 30. Rdc1 Nf6 31. Kg2 Nfe8 32. Bg1 Rd7 33. Na5 Qa8 34. h4
Rcd8 35. Kh2 f5 36. R1c3 Rf7 37. Qc1 Rdd7 38. Bb6 Qb8 39. h5 g5 40. Bh3 Rde7
41. Qc2 fxe4 42. fxe4 Rg7 43. Bf5 Rgf7 44. g4 Rg7 45. Bg6 Rd7 46. Kh3 {...} 1-0

[Event "Weekend A"]
[Site "Bari ITA"]
[Date "2004.01.18"]
[Round "3"]
[White "Crudele, Michele"]
[Black "Pizzuto, Samuele Tullio"]
[Result "0-1"]
[WhiteElo "1827"]
[BlackElo "2139"]
[PlyCount "70"]
[EventDate "2004.01.17"]

1. d4 d5 2. Nf3 Nc6 3. Bf4 Bg4 4. Nbd2 e6 5. e3 Bd6 6. Bxd6 cxd6 7. Be2 Nf6 8.
O-O O-O 9. h3 Bh5 10. Ne1 Bg6 11. f4 Be4 12. g4 h6 13. g5 hxg5 14. fxg5 Nh7 15.
Nxe4 dxe4 16. h4 Nxg5 17. hxg5 Qxg5+ 18. Ng2 Ne7 19. Rf4 f5 20. Rh4 Nd5 21. Rh5
Qg6 22. Rh2 Nxe3 23. Qd2 f4 24. Kh1 Nf5 25. Bc4 Ng3+ 26. Kg1 d5 27. Bb3 Qg5 28.
Rh3 Rf6 29. Kh2 Raf8 30. Rg1 Rh6 31. Nxf4 Rxh3+ 32. Kxh3 Rxf4 33. Qxf4 Qxf4 34.
Rxg3 e3 35. c3 e2 0-1

[Event "Weekend A"]
[Site "Bari ITA"]
[Date "2004.01.18"]
[Round "3"]
[White "Granaldi, Alessandro"]
[Black "Pulimeno, Roberto"]
[Result "0-1"]
[WhiteElo "1867"]
[BlackElo "1750"]
[PlyCount "115"]
[EventDate "2004.01.17"]

1. e4 d6 2. d4 Nf6 3. Nc3 g6 4. f4 Bg7 5. Nf3 c5 6. dxc5 Qa5 7. Bd3 Qxc5 8. Qe2
O-O 9. Be3 Qa5 10. O-O Nbd7 11. Nd4 a6 12. g4 e6 13. g5 Nh5 14. f5 Bxd4 15.
Bxd4 e5 16. Be3 f6 17. Nd5 Qd8 18. fxg6 hxg6 19. gxf6 Ndxf6 20. Bg5 Kg7 21. Qd2
Be6 22. Bh6+ Kf7 23. Bxf8 Bxd5 24. exd5 Qxf8 25. Qg5 Qg7 26. Rae1 Re8 27. Re3
b5 28. a4 bxa4 29. Bxa6 Kg8 30. Bb5 Rb8 31. Bxa4 Rb4 32. Bd7 Qxd7 33. Qxg6+ Qg7
34. Qxg7+ Kxg7 35. Ra3 Rxb2 36. Ra7+ Kg6 37. Ra6 Ne4 38. Rc6 Nf4 39. Rd1 Ne2+
40. Kg2 N2c3 41. Rd3 Rxc2+ 42. Kf3 Rxh2 43. Rdxc3 Nxc3 44. Rxd6+ Kf5 45. Rd8
e4+ 46. Ke3 Rh3+ 47. Kf2 Rf3+ 48. Kg2 Rd3 49. d6 Ke6 50. d7 Ke7 51. Rg8 Kxd7
52. Rg4 Ke6 53. Kf1 Kf5 54. Rg2 Rd1+ 55. Kf2 Rd2+ 56. Ke1 Rxg2 57. Kf1 Re2 58.
Kg1 0-1

[Event "Weekend A"]
[Site "Bari ITA"]
[Date "2004.01.18"]
[Round "3"]
[White "Laghetti, Gaetano"]
[Black "Guccione, Daniele"]
[Result "1-0"]
[WhiteElo "1723"]
[BlackElo "1729"]
[PlyCount "113"]
[EventDate "2004.01.17"]

1. d4 Nf6 2. c4 g6 3. Nc3 Bg7 4. e4 d6 5. f3 O-O 6. Be3 e5 7. d5 Nh5 8. Qd2 f5
9. O-O-O f4 10. Bf2 Bf6 11. Bd3 Be7 12. Qe2 Nd7 13. g4 Ng7 14. h4 h6 15. g5 h5
16. Qc2 a6 17. Kd2 c6 18. Nge2 c5 19. Rb1 b5 20. cxb5 Qc7 21. b3 Qa5 22. bxa6
Bxa6 23. Bxa6 Rxa6 24. a4 Rb6 25. Rb2 Nb8 26. Nc1 Na6 27. N1a2 Rc8 28. Ke2 Nb4
29. Qd2 Ne8 30. Nxb4 Rxb4 31. Rhb1 Rcb8 32. Ke1 R4b7 33. Nb5 Qa6 34. Qe2 Bd8
35. Kd1 Ba5 36. Be1 Bxe1 37. Kxe1 Nc7 38. Na3 Qa5+ 39. Kf1 Ne8 40. Nb5 Qd8 41.
Qc4 Qc8 42. Kg2 Qd7 43. Qc3 Nc7 44. Nxc7 Qxc7 45. Ra1 Rb4 46. a5 R8b5 47. a6
Ra5 48. Rba2 Rxa2+ 49. Rxa2 Qa7 50. Ra3 Kf8 51. Qd3 Ke7 52. Ra1 Kd7 53. Rc1 Kc7
54. Rc2 Kb6 55. Ra2 Kc7 56. Ra5 Kc8 57. Rb5 {...} 1-0

[Event "Weekend A"]
[Site "Bari ITA"]
[Date "2004.01.18"]
[Round "3"]
[White "Palma, Antonio"]
[Black "Vespe, Francesco"]
[Result "0-1"]
[WhiteElo "1918"]
[BlackElo "1867"]
[PlyCount "58"]
[EventDate "2004.01.17"]

1. d4 d5 2. c4 c6 3. Nf3 Bf5 4. e3 e6 5. Qb3 Qb6 6. Nc3 Nd7 7. Bd2 Ngf6 8. Nh4
Bg6 9. Nxg6 hxg6 10. Qc2 Be7 11. Bd3 dxc4 12. Bxc4 Nd5 13. e4 Nb4 14. Qb3 Qxd4
15. Ne2 Qxe4 16. Bxb4 Bxb4+ 17. Qxb4 b5 18. Rd1 bxc4 19. Qd6 Nb6 20. f3 Qh4+
21. g3 Qe7 22. Qxc6+ Kf8 23. O-O Rc8 24. Qe4 Qc5+ 25. Rf2 Rxh2 26. Kxh2 Qxf2+
27. Kh1 Ke7 28. Qh4+ f6 29. Nd4 Rc5 0-1

[Event "Weekend A"]
[Site "Bari ITA"]
[Date "2004.01.18"]
[Round "3"]
[White "Pascali, Frederic"]
[Black "Gissi, Gilberto"]
[Result "1/2-1/2"]
[WhiteElo "1734"]
[BlackElo "1837"]
[PlyCount "99"]
[EventDate "2004.01.17"]

1. Nf3 f5 2. e3 Nf6 3. d4 e6 4. c4 d5 5. Nc3 c6 6. Be2 Bd6 7. O-O O-O 8. Ne5
Nbd7 9. f4 a6 10. c5 Bxe5 11. fxe5 Ne8 12. Bd2 Qe7 13. Kh1 Rf7 14. Bd3 g6 15.
g4 Ng7 16. gxf5 exf5 17. Ne2 Nf8 18. Nf4 Nfe6 19. Qe1 Bd7 20. Rg1 g5 21. Nh3 g4
22. Nf4 Nxf4 23. exf4 h5 24. Be3 Raf8 25. Bf2 Ne6 26. Bh4 Qe8 27. Qe3 Qb8 28.
Rae1 Re8 29. Qf2 Nf8 30. Bg5 Ng6 31. Re2 Rh7 32. h4 Be6 33. Ree1 Qa7 34. Qc2
Rf7 35. b4 Ra8 36. a3 Re8 37. a4 Ra8 38. a5 Nf8 39. Rb1 Nh7 40. Qh2 Raf8 41.
Rbe1 Qb8 42. Rg2 Re8 43. Kg1 Nf8 44. Qg3 Qc8 45. Qf2 Kh7 46. Qe2 Kg8 47. Qf2
Bd7 48. Re2 Ne6 49. Bf6 Nf8 50. Bg5 1/2-1/2

[Event "Weekend A"]
[Site "Bari ITA"]
[Date "2004.01.18"]
[Round "3"]
[White "Tommaselli, Giacomo"]
[Black "Campanile, Antonio"]
[Result "0-1"]
[WhiteElo "2018"]
[BlackElo "2096"]
[PlyCount "74"]
[EventDate "2004.01.17"]

1. d4 f5 2. Nf3 Nf6 3. Bg5 e6 4. Nbd2 Be7 5. g3 O-O 6. Bg2 Qe8 7. O-O Nc6 8. c4
h6 9. Bxf6 Bxf6 10. d5 Nd8 11. Rb1 e5 12. e3 d6 13. b4 Bd7 14. Re1 g5 15. Nf1
g4 16. N3d2 e4 17. Qc2 Nf7 18. Nb3 Ng5 19. Re2 Nf3+ 20. Kh1 Rf7 21. Qd1 h5 22.
Bxf3 gxf3 23. Rc2 Rh7 24. Qd2 Qg6 25. Qe1 Kh8 26. Nfd2 Rg8 27. Qg1 h4 28. Nd4
Be5 29. Nf1 Bxd4 30. exd4 f4 31. g4 Bxg4 32. h3 Bf5 33. Qxg6 Rxg6 34. Re1 Rhg7
35. Nh2 Bxh3 36. Rcc1 Bg2+ 37. Kg1 Bf1+ 0-1

[Event "Weekend A"]
[Site "Bari ITA"]
[Date "2004.01.24"]
[Round "4"]
[White "Caputi, Nicola"]
[Black "Palma, Antonio"]
[Result "0-1"]
[WhiteElo "1988"]
[BlackElo "1918"]
[PlyCount "76"]
[EventDate "2004.01.17"]

1. c4 e6 2. g3 d5 3. cxd5 exd5 4. Bg2 Nf6 5. Nf3 Be7 6. d4 Nbd7 7. Nc3 c6 8. a3
O-O 9. O-O Re8 10. Bg5 Bd6 11. Rc1 Nf8 12. b4 Ne6 13. Bd2 a6 14. Qb3 Ne4 15.
Rfd1 Nxc3 16. Bxc3 Nf8 17. e3 Ng6 18. Nd2 h5 19. e4 dxe4 20. Nxe4 Be6 21. Qb2
Bd5 22. Re1 h4 23. Qc2 hxg3 24. hxg3 Be7 25. f3 Qc7 26. Kf2 Bd6 27. Nxd6 Qxd6
28. Qf5 a5 29. f4 Bxg2 30. Kxg2 axb4 31. axb4 Ra2+ 32. Kf3 Ne7 33. Qe5 Qg6 34.
Re3 Rh2 35. b5 Kh7 36. bxc6 Nf5 37. Qxe8 Qxg3+ 38. Ke4 Qxe3+ 0-1

[Event "Weekend A"]
[Site "Bari ITA"]
[Date "2004.01.24"]
[Round "4"]
[White "Crudele, Michele"]
[Black "Pascali, Frederic"]
[Result "1-0"]
[WhiteElo "1827"]
[BlackElo "1734"]
[PlyCount "79"]
[EventDate "2004.01.17"]

1. d4 Nc6 2. Nf3 d6 3. Bf4 Bg4 4. Bg3 Nf6 5. Nbd2 e6 6. c3 d5 7. Qa4 Nd7 8. b4
Nb6 9. Qb3 Bd6 10. a4 O-O 11. a5 Nd7 12. a6 b5 13. e4 Bxg3 14. hxg3 dxe4 15.
Nh2 e3 16. fxe3 Qg5 17. Nxg4 Qxg4 18. Kf2 Nf6 19. Bd3 Nh5 20. Ne4 Ne7 21. Rh4
Qf5+ 22. Ke2 Ng6 23. g4 Qd5 24. Qxd5 exd5 25. Rxh5 dxe4 26. Bxe4 Rae8 27. Bxg6
fxg6 28. Rxb5 Re4 29. Kd3 Rxg4 30. Ra2 Re8 31. Rb7 Rg3 32. Re2 Ra8 33. Rxc7 h5
34. Rf2 Re8 35. Re2 Ra8 36. d5 Rg5 37. c4 Rf5 38. e4 Rg5 39. Kd4 Rg3 40. d6 1-0

[Event "Weekend A"]
[Site "Bari ITA"]
[Date "2004.01.24"]
[Round "4"]
[White "Di Lascio, Savino"]
[Black "Campanile, Roberto"]
[Result "0-1"]
[WhiteElo "2055"]
[BlackElo "2183"]
[PlyCount "112"]
[EventDate "2004.01.17"]

1. Nf3 c5 2. g3 Nc6 3. Bg2 d5 4. O-O Nf6 5. d3 g6 6. a4 Bg7 7. c3 O-O 8. Na3 h6
9. Bd2 e5 10. Qc1 Kh7 11. Qc2 e4 12. dxe4 dxe4 13. Nh4 Qe7 14. Nc4 g5 15. Nf3
Bf5 16. Be3 Bg6 17. Nfd2 Rfd8 18. Rfd1 b6 19. h3 Rac8 20. g4 Rd7 21. Nf1 Rcd8
22. Ng3 Qe6 23. Nd2 Re8 24. Ndf1 Rde7 25. Rd2 Na5 26. Rad1 Nc4 27. Rd8 Rxd8 28.
Rxd8 Nd5 29. Nf5 Bxf5 30. gxf5 Qe5 31. Bc1 Nf4 32. Ng3 Nxg2 33. Kxg2 Nd6 34.
Rxd6 Qxd6 35. Nxe4 Qc6 36. f3 Kg8 37. Be3 Be5 38. Qd3 Qd7 39. Qxd7 Rxd7 40. h4
f6 41. f4 gxf4 42. Bxf4 Rd1 43. Bxe5 fxe5 44. a5 Rb1 45. axb6 axb6 46. Kf3 Rxb2
47. Ke3 Kg7 48. h5 Rb1 49. Nf2 b5 50. Ke4 Re1 51. e3 b4 52. cxb4 cxb4 53. Nd3
b3 54. Kxe5 Rxe3+ 55. Kd4 Re2 56. Nf4 Rh2 0-1